[Event "CAN-ch U12"]
[Site "Richmond Hill"]
[Date "2011.07.08"]
[Round "7"]
[White "Wang, Eric1"]
[Black "McInnis, Preston"]
[Result "0-1"]
[WhiteElo "1351"]
[BlackElo "979"]
[PlyCount "167"]
[EventDate "2011.07.06"]
[EventType "swiss"]
[EventRounds "7"]
[EventCountry "CAN"]
[SourceTitle "EXT 2022"]
[Source "ChessBase"]
[SourceDate "2021.10.06"]
[SourceVersion "1"]
[SourceVersionDate "2021.10.06"]
[SourceQuality "1"]

1. e4 e5 2. Nf3 Nc6 3. Bc4 Nf6 4. Nc3 Bb4 5. a3 Bxc3 6. dxc3 0-0 7. 0-0 Nxe4 8. Re1 Nf6 9. Nxe5 Nxe5 10. Rxe5 d6 11. Re1 d5 12. Bd3 Bg4 13. f3 Bc8 14. Bg5 d4 15. cxd4 Qxd4+ 16. Kh1 Qxb2 17. Re7 c6 18. Qc1 Qxc1+ 19. Bxc1 h6 20. Bb2 Nd5 21. Re2 Nf4 22. Re3 Nxd3 23. cxd3 Bf5 24. Rd1 Rfe8 25. Rxe8+ Rxe8 26. h3 Re3 27. d4 Re2 28. Bc3 Ra2 29. Bb4 a5 30. Bd6 b5 31. d5 Bd7 32. dxc6 Bxc6 33. Rc1 Bd7 34. Rc7 Ra1+ 35. Kh2 Be6 36. Rb7 Rb1 37. g4 Rb2+ 38. Kg3 Rb3 39. h4 g5 40. h5 Bd5 41. Rb8+ Kh7 42. Bc7 Rxf3+ 43. Kh2 Rxa3 44. Rxb5 Ra2+ 45. Kh3 Bg2+ 46. Kg3 a4 47. Ra5 Bf1 48. Kf3 Rc2 49. Be5 Ra2 50. Ke4 Be2 51. Kf5 Ra3 52. Bd6 Rf3+ 53. Ke4 Rf6 54. Bb4 Rf4+ 55. Ke3 Rxb4 56. Kxe2 Rxg4 57. Kf2 f5 58. Rxf5 a3 59. Ra5 Rh4 60. Rxa3 Rxh5 61. Rg3 Rh2+ 62. Kg1 Rh4 63. Kg2 Kg6 64. Kf3 h5 65. Kg2 Rg4 66. Rxg4 hxg4 67. Kg3 Kh5 68. Kg2 Kh4 69. Kg1 Kh3 70. Kh1 g3 71. Kg1 g2 72. Kf2 Kh2 73. Kf3 g1Q 74. Ke4 Qg2+ 75. Kd4 Qf2+ 76. Kc4 g4 77. Kb4 g3 78. Ka5 g2 79. Kb5 Qe2+ 80. Kc6 g1Q 81. Kd6 Qgd1+ 82. Kc6 Qec2+ 83. Kb6 Qdb1+ 84. Ka6 0-1

[Event "CAN-ch U12"]
[Site "Windsor"]
[Date "2010.07.08"]
[Round "6"]
[White "Tismenko, Dennis"]
[Black "McInnis, Preston"]
[Result "1-0"]
[WhiteElo "1301"]
[BlackElo "795"]
[PlyCount "93"]
[EventDate "2010.07.06"]
[EventType "swiss"]
[EventRounds "7"]
[EventCountry "CAN"]
[SourceTitle "EXT 2012"]
[Source "ChessBase"]
[SourceDate "2011.11.24"]
[SourceVersion "1"]
[SourceVersionDate "2011.11.24"]
[SourceQuality "1"]

1. e4 e5 2. Nf3 Nc6 3. Nc3 Nf6 4. Bb5 Bb4 5. 0-0 0-0 6. d3 Bxc3 7. bxc3 d5 8. Bg5 d4 9. cxd4 exd4 10. Bxc6 bxc6 11. e5 h6 12. exf6 hxg5 13. fxg7 Kxg7 14. Qd2 g4 15. Qg5+ Qxg5 16. Nxg5 c5 17. Ne4 c4 18. f3 cxd3 19. cxd3 gxf3 20. Rxf3 f5 21. Raf1 Rb8 22. Ng3 Rb5 23. Ne2 Rd8 24. Rg3+ Kf6 25. h4 Rb2 26. Nc1 Ba6 27. h5 Rb1 28. Rg6+ Ke5 29. Rxa6 Rxc1 30. Rxc1 Rh8 31. g4 fxg4 32. Rxc7 Rxh5 33. Rc5+ Kf4 34. Rxh5 Kf3 35. Rg5 Kf4 36. Rxg4+ Kxg4 37. Rf6 a5 38. a4 Kg5 39. Rf8 Kg4 40. Kf2 Kg5 41. Kf3 Kg6 42. Ke4 Kg5 43. Rf1 Kg6 44. Ke5 Kg5 45. Rg1+ Kh4 46. Kf5 Kh5 47. Rh1# 1-0